LEADER 00877nam a2200205 i 4500 001 000000153064 003 CaOOAMICUS 005 20060912000000.0 008 060912s1934 it u000 u ita u 013 $a130405 040 $aSeMil$bita 100 1 $aDe Gaufridy, Paolo,$d<1881-1951>.$0(OLS)http://semarc/name/59930 245 10$aDel governo dell'arte :$bsaggio di storia dell'arte moderna /$cPaolo De Gaufridy. 260 $aGenova :$bEmiliano degli Orfini,$c1934. 300 $a312 p., [40] p. di tav. ;$c22 cm. 650 4$aArte moderna.$0(OLS)http://semarc/subject/9487 850 $aSeMil 852 $aSeMil$W1$xVenegono$y1$m5J VI 135$j105008$B105008$CSeMilBibl$Z2$F114266 $81 996 $6245$aDel governo dell'arte :$bsaggio di storia dell'arte moderna$9(OLS)http://semarc/title/223869 996 $6260$aGenova :$bEmiliano degli Orfini$9(OLS)http://semarc/publisher/34817 LEADER 01188nam a2200253 4500 001 000000364048 003 CaOOAMICUS 005 20250827144608.0 008 250827s1829 it 000 u ita r 040 $aSeMil$bita 100 11$aDella Valle, Cesare.$0(OLS)http://semarc/name/122634 245 10$aMedea tragedia di Cesare della Valle duca di Ventignano . Le convulsioni farsa di Francesco Albergati Capacelli. 264 1$aMilano :$bPer Nicoḷ Bettoni,$c1829. 300 $a50, 41 p. ;$c12° 490 1 $aTeatro portatile economico 500 $aSegn.: [1]5/8 6/6 501 $aLe convulsioni farsa di Francesco Albergati Capacelli 700 1 $aBettoni, Nicoḷ,$c.$0(OLS)http://semarc/name/3818 830 0$aTeatro portatile economico.$0(OLS)http://semarc/title/455382 850 $aSeMil 852 $aSeMil$W1$xVenegono$y1$m1V III 19 FA$j260959$B254923$CSeMilBibl$Z2$F254923 $8I 996 $6245$aMedea tragedia di Cesare della Valle duca di Ventignano . Le convulsioni farsa di Francesco Albergati Capacelli$9(OLS)http://semarc/title/455392 996 $6264$aMilano :$bPer Nicoḷ Bettoni$9(OLS)http://semarc/publisher/36549